000
00397nam a2200145Ia 4500
008
100122s9999 xx 000 0 und d
082
_b
40902
_a
823.08
100
_a
दिघे प्रभाकर
245
_a
धमकी
260
_b
गुलमोहर पब्लिकेशन्स
_c
1987
300
_a
206
630
_a
धमकी
730
_a
धमकी
942
_c
BOOK
999
_c
421685
_d
421682